000 00212nam a22000857a 4500
008 160820b xxu||||| |||| 00| 0 eng d
100 _9192
_aAusten J
245 _aPride and Prejudice
260 _aNew York
_bBaronet Books
999 _c2850
_d2850